Fr. Conceicao Rodrigues College of Engineering

GATE Mechanical/Aerospace (Record no. 36247)

MARC details
000 -LEADER
fixed length control field 00246nam a22001097a 4500
003 - CONTROL NUMBER IDENTIFIER
control field OSt
005 - DATE AND TIME OF LATEST TRANSACTION
control field 20250908143316.0
008 - FIXED-LENGTH DATA ELEMENTS--GENERAL INFORMATION
fixed length control field 250908b |||||||| |||| 00| 0 eng d
040 ## - CATALOGING SOURCE
Transcribing agency
245 ## - TITLE STATEMENT
Title GATE Mechanical/Aerospace
Statement of responsibility, etc. GATE
942 ## - ADDED ENTRY ELEMENTS (KOHA)
Source of classification or shelving scheme Dewey Decimal Classification
Koha item type BOOK
Suppress in OPAC No
Holdings
Withdrawn status Lost status Source of classification or shelving scheme Damaged status Not for loan Collection Home library Current library Date acquired Cost, normal purchase price Inventory number Total Checkouts Barcode Date last seen Price effective from Koha item type
    Dewey Decimal Classification     General Fr. Agnel's C.Rodrigues- College of Engineering Fr. Agnel's C.Rodrigues- College of Engineering 08/09/2025 315.00 AO/25/8/360 dt 1.9.2025   26776 08/09/2025 08/09/2025 BOOK